Environmentálna a inovačná stratégia EÚ
Význam environmentálnej politiky Európskej únie. Stratégia Európa 2020 - inteligentný rast, udržateľný rast a inkluzívny rast. Inovačná stratégia SR. Program na podporu zavádzania systémov manažérstva v organizáciách. Systém environmentálneho manažérstva.
Saved in:
| Main Author: | |
|---|---|
| Format: | Book Chapter |
| Language: | Slovak |
| Subjects: | |
| Tags: |
No Tags, Be the first to tag this record!
|
MARC
| LEADER | 00000naa$a2200000$$$4500 | ||
|---|---|---|---|
| 001 | 0213751 | ||
| 005 | 20240502073552.8 | ||
| 041 | 0 | |a slo | |
| 044 | |a SK | ||
| 245 | 1 | 0 | |a Environmentálna a inovačná stratégia EÚ |c Marta Karkalíková |
| 520 | |a Význam environmentálnej politiky Európskej únie. Stratégia Európa 2020 - inteligentný rast, udržateľný rast a inkluzívny rast. Inovačná stratégia SR. Program na podporu zavádzania systémov manažérstva v organizáciách. Systém environmentálneho manažérstva. | ||
| 610 | 2 | 0 | |a politika environmentálna |
| 610 | 2 | 0 | |a ochrana prostredia životného |
| 610 | 2 | 0 | |a systémy environmentálne manažérske |
| 610 | 2 | 0 | |a inovácia |
| 610 | 2 | 0 | |a Slovensko |
| 610 | 2 | 0 | |a Európska únia |
| 100 | 1 | |a Karkalíková, Marta | |